00544nam a2200181Ia 450000500170000000800410001708200190005810000160007724500630009326000400015630000120019665000130020865000130022165000120023494200060024695200950025299900150034720250224051844.0240331s9999 xx 000 0 und d bRAG26122a920 aRaghavan, P 0aPak. Oru Puthirin Saridham:bPolitical History of Pakistan aChennaibKizhakku Pathippagamc2004 a184 p., aPakistan aPolitics aHistory cL 001040708LaWERCLbWERCLcSSCd2024-03-31l0o 920 RAGp6122r2024-03-31w2024-03-31yL c4695d4695